000 00478nam a2200145Ia 4500
003 OSt
005 20260202123805.0
008 211028s2019 xx 000 0 und d
040 _cAIMIT LIBRARY
041 _aeng
100 _aLobo, Ashwil Josmon; Dias, Beena.
_g1716035
_98015
245 _aMBA Education space in Karnataka- A comparative study of MBA Colleges with special reference to DK Udupi and Bangalore /
260 _aMangalore
_bJustin James
_c2019
942 _2ddc
_cPRO
999 _c219583
_d219583